000 00492nam a2200169Ia 4500
003 OSt
005 20200127105640.0
008 190216s9999||||xx |||||||||||||| ||und||
040 _coclc
082 _a338.5024658
_bVIN/M
100 _aVinod, A
_9643
245 0 _aManagerial Economics /
_cA Vinod
260 _bCalicut University Publications,
_c2002.
_aCalicut:
300 _a365p
650 _aEconomics
942 _cBK
_2ddc
_h338.5024658
_iVIN/M
_k338.5024658
_mVIN/M
999 _c10726
_d10726